Cudzia mena v podnikaní v SR

V podnikaní sa, s rozvojom trhového hospodárstva a voľného obchodu, do účtovníctva účtovnej jednotky stále častejšie zaznamenávajú účtovné prípady týkajúce sa pohybu majetku a záväzkov prvotne vyjadrených v cudzej mene.

Salvato in:
Dettagli Bibliografici
Autore principale: Pakšiová, Renáta, 1974-
Natura: Capitolo di libro
Lingua:slovacco
Soggetti:
Tags: Aggiungi Tag
Nessun Tag, puoi essere il primo ad aggiungerne!!

MARC

LEADER 00000naa a2200000 4500
001 0168242
005 20240502072930.5
041 0 |a slo 
044 |a SK 
245 1 0 |a Cudzia mena v podnikaní v SR  |c Renáta Pakšiová 
520 |a V podnikaní sa, s rozvojom trhového hospodárstva a voľného obchodu, do účtovníctva účtovnej jednotky stále častejšie zaznamenávajú účtovné prípady týkajúce sa pohybu majetku a záväzkov prvotne vyjadrených v cudzej mene. 
610 2 0 |a výkazy finančné 
610 2 0 |a podnikanie 
610 2 0 |a Slovensko 
610 2 0 |a mena 
610 2 0 |a jednotka účtovná 
610 2 0 |a účtovanie 
100 1 |a Pakšiová, Renáta, 1974-